000 00852nam a22002777a 4500
001 8870
003 FISKH
005 20251024104136.0
008 251024b cb ||||| |||| 00| 0 eng d
020 _a9780516278117
040 _aFISKH
_beng
_cFISKH
_dFISKH
050 _aPZ8.F63545 C
082 _a561
100 _aFishman, Cathy Goldberg
_eAuthor
245 _aCar wash kid :
_bA rookie reader /
_cWritten by Cathy Goldberg Fishman ; Illustrated by Barry Gott
260 _aNew York :
_bScholastic ,
_c2003
300 _a23 pages :
_bcolor illustrations ;
_c18 cm
505 _aC
520 _aA boy and his father have fun washing the car together.
521 8 _a150
_bLexile
521 8 _aC
_bRaz-Plus
650 _aBeginner reader
_vCar wash
700 _aGott, Barry
_eIllustrator
942 _2ddc
_cBK
_n0
999 _c8870
_d8870